Polònia : el govern local a Polònia : la transició de l'estat centralitzat autoritari al sistema d'autogovern local / Pawel Swianiewicz ; [traducció: Jaume Bellmunt] el govern local a Polònia :

per Swianiewicz, Pawel

ISBN: 84-8903-174-5
Descripció física: 94 p. : gràfics ; 24 cm
Col·lecció: Món local ; 21
Altres autors: Bellmunt, Jaume

MARC

LEADER 00000nam a2200000Ia 4500
001 18566
008 160829s2006 xx 000 0 cat d
020 |a 84-8903-174-5 
080 |a M-5-352 
100 |a Swianiewicz, Pawel  |9 2028 
245 |a Polònia :  |b  el govern local a Polònia :  |b  la transició de l'estat centralitzat autoritari al sistema d'autogovern local / Pawel Swianiewicz ; [traducció:  |b  Jaume Bellmunt] 
260 |a Barcelona :  |b ICPS, Institut de Ciències Polítiques i Socials :  |b Diputació de Barcelona. Xarxa de Municipis,  |c 2006 
300 |a 94 p. :  |b  gràfics ;  |c 24 cm 
490 |a Món local ; 21 
590 |a Bibliografia 
650 |a Administració local  |x Història  |x S. XX  |x Polònia  |9 41497 
700 1 |a Bellmunt, Jaume  |9 41498 
710 1 |a Barcelona (Catalunya : Província).  |b Diputació  |9 52408 
710 2 |a Institut de Ciències Polítiques i Socials (Barcelona, Catalunya)  |9 55871 
901 |a Arxiu 
942 |n 1 
952 |0 0  |1 0  |4 0  |6 M5352  |7 1  |9 50230  |a Arxiu  |b Arxiu  |d 2016-12-01  |l 0  |o M-5-352  |p 18566  |r 2016-12-01 00:00:00  |w 2016-12-01  |y ARXIU 
999 |c 54072  |d 54072